| 000 | 00610nam a2200229 4500 | ||
|---|---|---|---|
| 001 | 2165602 | ||
| 003 | NUST - PNEC | ||
| 005 | 20170116181057.0 | ||
| 008 | 700601s1959 nyua 001 0 eng | ||
| 010 | _a 58008041 | ||
| 040 | _cLIBRARY | ||
| 050 | 0 | 0 |
_aTJ1185 _b.H5 1959 |
| 082 | 0 | 0 | _a621.902 HIN |
| 100 | 1 | _aHine, Charles R. | |
| 245 | 0 | 0 | _aMachine tools for engineers. |
| 250 | _a2d ed. | ||
| 260 |
_aNew York, _bMcGraw-Hill, _c1959. |
||
| 300 |
_a445 p. _billus. _c24 cm. |
||
| 650 |
_aTools for engineering _912116 _xME |
||
| 906 |
_a7 _bcbc _corignew _du _encip _f19 _gy-gencatlg |
||
| 942 |
_2ddc _cBK |
||
| 999 |
_c68594 _d68594 |
||